| 000 | 00000cas 2200000zi 4500 |
| 001 | 9.961634 |
| 003 | CaOODSP |
| 005 | 20260421114459 |
| 006 | m o d f |
| 007 | cr cn |||||||| |
| 008 | 260402d19872001oncqr p o f0 a0eng|d |
| 022 | |y1701-9362|y1701-9354 |
| 040 | |aCaOODSP|beng|erda|cCaOODSP |
| 043 | |an-cn--- |
| 086 | 1 |aIu21-2E-PDF |
| 245 | 00|aCredit card costs. |
| 246 | 1 |iIssues for December 1999-July 2001 have title: |aCredit card costs report |
| 264 | 1|a[Ottawa] : |bIndustry Canada = Industrie Canada, |c-[2001] |
| 310 | |aQuarterly |
| 336 | |atext|btxt|2rdacontent |
| 337 | |acomputer|bc|2rdamedia |
| 338 | |aonline resource|bcr|2rdacarrier |
| 362 | 1 |aCeased with: July 2001. |
| 500 | |aIssued also in French under title: Coûts d'utilisation des cartes de crédit. |
| 500 | |aDigitized publication from print [produced by Innovation, Science and Economic Development Canada]. |
| 550 | |aCompiled by: Consumer Policy Branch, 1994; Office of Consumer Affairs, 1995-2001. |
| 588 | |aDescription based on: March 1994; title from PDF caption. |
| 588 | |aLatest issue consulted: July 2001. |
| 650 | 0|aCredit card fees|zCanada|vPeriodicals. |
| 650 | 0|aCredit cards|zCanada|vPeriodicals. |
| 655 | 7|aPeriodicals|2lcgft |
| 710 | 1 |aCanada. |bIndustry Canada, |eissuing body. |
| 710 | 1 |aCanada. |bConsumer Policy Branch, |eissuing body. |
| 710 | 1 |aCanada. |bOffice of Consumer Affairs, |eissuing body. |
| 775 | 08|tCoûts d'utilisation des cartes de crédit.|w(CaOODSP)9.961633 |
| 785 | 00|tCredit cards and you |w(CaOODSP)9.506827 |